| 000 | 00898nam a22002417a 4500 | ||
|---|---|---|---|
| 005 | 20100810120745.0 | ||
| 010 | _aENG-99232 | ||
| 020 |
_a9789380236087 _c90.00 |
||
| 020 |
_a978938023670 _c90.00 |
||
| 035 | _aEN-82764 | ||
| 082 | _a658.408 | ||
| 100 |
_aBanu, A. Sameen _99961 |
||
| 245 |
_aBussiness environment / _cby A. Sameen Banu |
||
| 260 |
_aThanjavur _bPrintmagic _c2009 |
||
| 270 |
_a2, First Floor, Guru Complex, Rajappa Nagar, Medical College Road _bThanjavur _e613007 |
||
| 300 |
_a169p. _c20cm (pbk) |
||
| 650 |
_aBussiness ethics _99962 |
||
| 650 |
_aCommercial law _99963 |
||
| 650 |
_aindustrial policy _91375 |
||
| 650 |
_aSocial responsibility of bussiness _99964 |
||
| 942 |
_2ddc _cEN _h658.408 _mBAN |
||
| 999 |
_c40591 _d40591 |
||